00892nam a2200229 i 450000100060000000300090000600500170001500700030003200800410003510000220007624502050009826000420030330000220034549000550036765000380042265000270046070000200048770000180050770000350052583000550056085200470061533077ES-MaACL20230906154706.0t|170418s1911 sp ||||1| spa d1 aFleiner, Wilhelm.10aEnfermedades del aparato digestivo, de la nutrición y de la sangre /cpor los profesores Wilhelm Fleiner, H. Luthje, Erich Meyer ; traducción directa del alemán por Gonzalo García Rodríguez. aMadrid : bSaturnino Calleja, c1911. a172 p. ; c24 cm.1 aAnuario de ciencias médicas. Primera serie ; v304aAparato digestivo-xEnfermedades.04aSangre-xEnfermedades.1 aLüthje, Hugo.0 aMeyer, Erich.0 aGarcía Rodríguez, Gonzalo.0 aAnuario de ciencias médicas. Primera serie ; v3 aES-MaACLjB-11070 z.- Enc. editorial tela